[Event "13th EICC"]
[Site "Plovdiv BUL"]
[Date "2012.03.29"]
[Round "9.145"]
[White "Nenezic, Marko"]
[Black "Rigopoulos-Tsigkos, Alexandros"]
[Result "1-0"]
[WhiteElo "2370"]
[BlackElo "2095"]
[WhiteFideId "912123"]
[BlackFideId "4215109"]
[EventDate "2012.03.20"]
[EventType "swiss"]

1. Nf3 c5 2. c4 e6 3. g3 b6 4. Bg2 Bb7 5. Nc3 Nf6 6. O-O a6 7. b3 Be7 8. Bb2 Qc7
9. e3 O-O 10. d4 d6 11. d5 exd5 12. cxd5 b5 13. Nh4 Re8 14. Nf5 Bf8 15. g4 b4
16. Na4 Nfd7 17. g5 Bc8 18. e4 Nb6 19. Nxb6 Qxb6 20. Kh1 Bxf5 21. exf5 a5 22. g6
f6 23. gxh7+ Kh8 24. Qh5 Re7 25. Rae1 Qd8 26. Re6 Raa7 27. Qg6 Rxe6 28. fxe6 a4
29. Re1 Be7 30. Be4 axb3 31. axb3 Ra2 32. Rg1 Qf8 33. Bc1 Bd8 34. Bh6 Ra7 35.
Bf4 Na6 36. Bxd6 Be7 37. Bf4 c4 38. d6 1-0

[Event "13th EICC"]
[Site "Plovdiv BUL"]
[Date "2012.03.29"]
[Round "9.146"]
[White "Pantic, Ivica"]
[Black "Balla, Tamas-Kristof"]
[Result "0-1"]
[BlackTitle "FM"]
[WhiteElo "2242"]
[BlackElo "2369"]
[WhiteFideId "929395"]
[BlackFideId "1208497"]
[EventDate "2012.03.20"]
[EventType "swiss"]

1. Nf3 b5 2. c3 e6 3. Qb3 a6 4. a4 b4 5. g3 Nc6 6. Bg2 Rb8 7. c4 Bb7 8. O-O Na5
9. Qc2 d5 10. c5 d4 11. d3 Bd5 12. Nbd2 b3 13. Qd1 Bxc5 14. Ne4 Ba7 15. Ne5 Ne7
16. Bg5 h6 17. Bxe7 Qxe7 18. Rc1 Rb4 19. Qd2 Bb6 20. f4 Rxa4 21. Ra1 Ra2 22. Nc4
Nxc4 23. dxc4 Bxc4 24. Rfc1 O-O 25. Nf2 a5 26. Rab1 Ba6 27. Ra1 Qb4 28. Qxb4
axb4 29. Kf1 Bxe2+ 30. Kxe2 Rxb2+ 31. Kf1 Rxf2+ 32. Kxf2 b2 33. Ke2 c5 34. Kd3
c4+ 35. Kc2 bxa1=Q 36. Rxa1 d3+ 37. Kd2 Rd8 0-1

[Event "13th EICC"]
[Site "Plovdiv BUL"]
[Date "2012.03.29"]
[Round "9.147"]
[White "Todorov, Yavor"]
[Black "Pavlidis, Anastasios"]
[Result "0-1"]
[BlackTitle "FM"]
[WhiteElo "2029"]
[BlackElo "2363"]
[WhiteFideId "2911540"]
[BlackFideId "4208404"]
[EventDate "2012.03.20"]
[EventType "swiss"]

1. d4 Nf6 2. c4 g6 3. Nc3 Bg7 4. e4 d6 5. f4 O-O 6. Nf3 c5 7. d5 e6 8. dxe6 fxe6
9. Bd3 Nc6 10. O-O a6 11. Bd2 Rb8 12. Kh1 b5 13. cxb5 Nb4 14. Be2 axb5 15. a3
Nc6 16. Bxb5 Nd4 17. a4 Bb7 18. Bd3 Ba8 19. Rb1 Rf7 20. Ng5 Re7 21. Qe1 Nd7 22.
Qg3 Nb3 23. Be3 Rb4 24. Qh3 Nf8 25. f5 exf5 26. exf5 Rxe3 27. Qxe3 Bd4 28. Qg3
Be5 29. Qe3 Bd4 30. Qg3 Be5 31. Qe3 Rh4 32. h3 Bd4 33. Qg3 Qxg5 34. Rf3 Bxf3 35.
Qxf3 Nd2 36. Qd5+ Kg7 37. Re1 gxf5 38. Qb7+ Kh6 39. Qf7 Ng6 40. Bxf5 Rf4 41. g4
Qh4 0-1

[Event "13th EICC"]
[Site "Plovdiv BUL"]
[Date "2012.03.29"]
[Round "9.148"]
[White "Hristodorescu, Daniel"]
[Black "Froewis, Georg"]
[Result "0-1"]
[WhiteTitle "FM"]
[BlackTitle "IM"]
[WhiteElo "2212"]
[BlackElo "2407"]
[WhiteFideId "1203100"]
[BlackFideId "1618423"]
[EventDate "2012.03.20"]
[EventType "swiss"]

1. e4 e6 2. d4 d5 3. Nc3 Bb4 4. Ne2 dxe4 5. a3 Bxc3+ 6. Nxc3 Nc6 7. Bb5 Ne7 8.
Be3 O-O 9. Qd2 f5 10. O-O-O a6 11. Bxc6 Nxc6 12. g4 fxg4 13. Nxe4 Qd5 14. Nc3
Qf5 15. h3 gxh3 16. f4 Ne7 17. Rdg1 Nd5 18. Rg5 Qf7 19. Rhg1 g6 20. f5 Nxc3 21.
bxc3 exf5 22. Bf4 Re8 23. Qh2 Re4 24. Rh5 a5 25. Rxh3 Ra6 26. Rh1 h5 27. Qg3 Kf8
28. Qg5 Qe7 29. Qh6+ Ke8 30. Re3 Qxa3+ 31. Kd2 Qf8 32. Qg5 Qe7 33. Qh6 Rxe3 34.
Bxe3 Re6 35. Bg5 Re2+ 36. Kd1 Qe4 37. Qxg6+ Kd7 38. Qf7+ Kc6 39. Qc4+ Kb6 40.
Qb3+ Ka7 41. Rg1 f4 42. Bd8 Qe3 0-1

[Event "13th EICC"]
[Site "Plovdiv BUL"]
[Date "2012.03.29"]
[Round "9.151"]
[White "Aharon, Ofir"]
[Black "Pogosian, Vladimir"]
[Result "1-0"]
[WhiteTitle "FM"]
[WhiteElo "2288"]
[BlackElo "2153"]
[WhiteFideId "2800683"]
[BlackFideId "13301586"]
[EventDate "2012.03.20"]
[EventType "swiss"]

1. e4 d6 2. d4 Nf6 3. Nc3 g6 4. f4 Bg7 5. Nf3 c5 6. Bb5+ Bd7 7. e5 Ng4 8. Bxd7+
Qxd7 9. d5 dxe5 10. h3 e4 11. hxg4 Bxc3+ 12. bxc3 exf3 13. Qxf3 Na6 14. Bb2
O-O-O 15. O-O-O Qa4 16. a3 Qc4 17. Qf1 Qxf1 18. Rhxf1 c4 19. Rfe1 Rd7 20. Rd4
Rc7 21. a4 h5 22. gxh5 Rxh5 23. g4 Rh4 24. Ba3 Rxg4 25. Bxe7 b6 26. Ba3 g5 27.
d6 Rd7 28. Re8+ Kb7 29. Re7 Kc6 30. f5 Rxd4 31. cxd4 Rxe7 32. dxe7 Kd7 33. Bd6
Nc7 34. Bxc7 Kxe7 35. Be5 f6 36. Bg3 a6 37. Kd2 Kd7 38. d5 1-0

[Event "13th EICC"]
[Site "Plovdiv BUL"]
[Date "2012.03.29"]
[Round "9.152"]
[White "Cherednichenko, Svetlana"]
[Black "Makka, Ioulia"]
[Result "0-1"]
[WhiteTitle "WGM"]
[BlackTitle "WIM"]
[WhiteElo "2279"]
[BlackElo "2152"]
[WhiteFideId "14105551"]
[BlackFideId "4205316"]
[EventDate "2012.03.20"]
[EventType "swiss"]

1. d4 Nf6 2. Nf3 e6 3. e3 b6 4. Bd3 Bb7 5. O-O c5 6. b3 cxd4 7. exd4 Be7 8. Qe2
O-O 9. c4 d6 10. Bb2 Qc7 11. Nbd2 Nbd7 12. Rac1 Rac8 13. Bb1 Rfe8 14. Ng5 Bf8
15. Rc3 g6 16. h4 Bg7 17. Rh3 Nh5 18. Qe3 d5 19. f4 h6 20. Ngf3 Nxf4 21. Rh2 Nh5
22. Ne5 Nhf6 23. Ndf3 Nxe5 24. Nxe5 Qe7 25. g4 Rf8 26. g5 hxg5 27. Rxf6 Bxf6 28.
hxg5 Bxe5 29. Qxe5 f6 30. Qe3 f5 31. Ba3 0-1

[Event "13th EICC"]
[Site "Plovdiv BUL"]
[Date "2012.03.29"]
[Round "9.153"]
[White "Arnaudov, Petar"]
[Black "Chudinovskikh, Alexander M"]
[Result "1/2-1/2"]
[BlackTitle "IM"]
[WhiteElo "2149"]
[BlackElo "2278"]
[WhiteFideId "2901706"]
[BlackFideId "4106083"]
[EventDate "2012.03.20"]
[EventType "swiss"]

1. Nf3 Nf6 2. g3 d5 3. c4 dxc4 4. Qa4+ c6 5. Qxc4 Be6 6. Qc2 g6 7. b3 Na6 8. Nc3
Nb4 9. Qb1 Bg7 10. Bb2 Bf5 11. d3 Qa5 12. Nd2 Rd8 13. a3 Nbd5 14. b4 Qc7 15.
Nxd5 cxd5 16. Nf3 O-O 17. Bg2 Rfe8 18. Be5 Qd7 19. Qb2 Rc8 20. O-O Qa4 21. Nd4
Bd7 22. Rfc1 b6 23. b5 Rc5 24. Qb4 Rxc1+ 25. Rxc1 Qxb4 26. axb4 Rc8 27. Rxc8+
Bxc8 28. Nc6 Kf8 29. Nxa7 Be6 30. Nc6 Bh6 31. e3 Nd7 32. Bc7 Bf5 33. d4 Bd3 34.
Na7 e6 35. Bf1 Bxf1 36. Kxf1 Ke8 37. Nc8 1/2-1/2

[Event "13th EICC"]
[Site "Plovdiv BUL"]
[Date "2012.03.29"]
[Round "9.156"]
[White "Bach, Adrian-Kalman"]
[Black "Xylogiannopoulos, Antonios"]
[Result "0-1"]
[WhiteTitle "FM"]
[WhiteElo "2264"]
[BlackElo "2104"]
[WhiteFideId "1201107"]
[BlackFideId "4215133"]
[EventDate "2012.03.20"]
[EventType "swiss"]

1. e4 e5 2. Nf3 Nc6 3. Bb5 Nd4 4. Nxd4 exd4 5. O-O Bc5 6. Qh5 Qe7 7. d3 Nf6 8.
Qh4 c6 9. Ba4 b5 10. Bb3 d5 11. Bg5 dxe4 12. dxe4 O-O 13. Nd2 h6 14. Bxh6 gxh6
15. Qxh6 Nh7 16. Qxc6 Bd7 17. Qg6+ Kh8 18. Qh5 Qg5 19. Bxf7 Qxh5 20. Bxh5 Bc6
21. Rad1 Rad8 22. Be2 Nf6 23. Bd3 Ng4 24. Nb3 Bb6 25. h3 Ne5 26. Nd2 Bb7 27.
Bxb5 Rc8 28. Rc1 d3 29. c3 a6 30. Ba4 Nc4 31. Nf3 Bxe4 32. Bb3 Bxf3 33. Bxc4
Rxc4 34. gxf3 Rxf3 35. Rcd1 Rcf4 36. Kh1 Bxf2 37. Kg2 Rg3+ 38. Kh2 Rgf3 0-1

[Event "13th EICC"]
[Site "Plovdiv BUL"]
[Date "2012.03.29"]
[Round "9.157"]
[White "Ojagverdiyev, Zaur"]
[Black "Gaehwiler, Gabriel"]
[Result "1/2-1/2"]
[WhiteElo "2050"]
[BlackElo "2260"]
[WhiteFideId "13402846"]
[BlackFideId "1314530"]
[EventDate "2012.03.20"]
[EventType "swiss"]

1. c4 Nf6 2. g3 g6 3. Bg2 Bg7 4. d3 O-O 5. Nf3 d5 6. Qc2 c5 7. cxd5 Na6 8. a3
Nxd5 9. Nc3 Nxc3 10. bxc3 Bd7 11. Rb1 Bc6 12. O-O e5 13. Nd2 Bxg2 14. Kxg2 Qd7
15. Nc4 b5 16. Ne3 Nc7 17. c4 Qc6+ 18. f3 a6 19. Bd2 a5 20. cxb5 Nxb5 21. Qa4
Rfb8 22. Rfc1 Nd4 23. Rxb8+ Rxb8 24. Qxc6 Nxc6 25. Rxc5 Nd4 26. Kf2 Nb3 27. Rc2
Bf8 28. Nc4 Nxd2 29. Rxd2 a4 30. Rb2 Rxb2 31. Nxb2 Bxa3 32. Nxa4 Kf8 33. e3 Ke7
34. Nb6 Bc5 35. Nc4 Ke6 36. h4 f5 37. Ke2 Kd5 38. Nd2 Ke6 39. Nb3 Bb4 40. d4
exd4 41. Nxd4+ Kd5 42. h5 Bd6 43. hxg6 hxg6 44. g4 fxg4 45. fxg4 Bc5 46. Nf3 Ke4
47. Ng5+ Ke5 48. Kd3 Ba3 49. Nf3+ Ke6 50. Ke4 Bc1 51. Nd4+ Kf6 52. Nf3 Ke6 53.
g5 Bxe3 54. Kxe3 Kf5 55. Kd3 Kf4 56. Ke2 Ke4 57. Kf2 Kf4 58. Ke2 Ke4 59. Nh4 Kf4
60. Nxg6+ Kxg5 1/2-1/2

[Event "13th EICC"]
[Site "Plovdiv BUL"]
[Date "2012.03.29"]
[Round "9.159"]
[White "Cabarkapa, Novak"]
[Black "Balokas, Dimitrios"]
[Result "0-1"]
[WhiteTitle "FM"]
[WhiteElo "2314"]
[BlackElo "2080"]
[WhiteFideId "943746"]
[BlackFideId "4216920"]
[EventDate "2012.03.20"]
[EventType "swiss"]

1. e4 c5 2. Nf3 e6 3. b3 Nc6 4. Bb2 a6 5. c4 Qc7 6. d4 cxd4 7. Nxd4 Qe5 8. Bc3
Qxe4+ 9. Be2 Qxg2 10. Bf3 Qg6 11. Nxc6 bxc6 12. Nd2 Nf6 13. Qe2 a5 14. a3 Qc2
15. Qe3 Be7 16. Rg1 Rg8 17. h4 h6 18. Ke2 Qf5 19. b4 d5 20. Qb6 Bd7 21. bxa5 Ne4
22. Bxe4 dxe4 23. Bb4 c5 24. Bc3 Bxh4 25. Rgf1 Qg4+ 26. f3 Qg2+ 27. Ke3 Bg5+ 0-1

[Event "13th EICC"]
[Site "Plovdiv BUL"]
[Date "2012.03.29"]
[Round "9.160"]
[White "Manelidou, Maria"]
[Black "Lederman, Leon"]
[Result "1-0"]
[BlackTitle "IM"]
[WhiteElo "2067"]
[BlackElo "2296"]
[WhiteFideId "4212240"]
[BlackFideId "2800403"]
[EventDate "2012.03.20"]
[EventType "swiss"]

1. e4 c5 2. Nf3 d6 3. d4 cxd4 4. Nxd4 Nf6 5. f3 e5 6. Nb3 Be6 7. c4 Qc7 8. Qd3
b5 9. Na3 bxc4 10. Nxc4 d5 11. exd5 Nxd5 12. Bd2 Nb4 13. Qc3 Nd7 14. a3 Nd5 15.
Qa5 Rb8 16. Qxc7 Nxc7 17. Nba5 Bc5 18. b4 Be7 19. Nc6 Bxc4 20. Bxc4 Ra8 21. Rc1
Bd6 22. Be3 Nb6 23. Bxb6 axb6 24. Rd1 Be7 25. Nxe5 Rxa3 26. Bxf7+ Kf8 27. O-O
Ne8 28. Bxe8 Kxe8 29. Rfe1 Rc3 30. Ra1 Rc8 31. Nc6 Rxc6 32. Ra7 Kf7 33. Rexe7+
Kf6 34. Rxg7 Rd8 35. Kf2 Rc4 36. Raf7+ Ke6 37. Re7+ Kf6 38. g4 h6 39. Rgf7+ Kg6
40. h4 Rd1 41. Rf5 Rc2+ 42. Re2 1-0

[Event "13th EICC"]
[Site "Plovdiv BUL"]
[Date "2012.03.29"]
[Round "9.161"]
[White "Porfireanu, Serban"]
[Black "Scekic, Veljko"]
[Result "0-1"]
[WhiteElo "1892"]
[BlackElo "2186"]
[WhiteFideId "1208632"]
[BlackFideId "940020"]
[EventDate "2012.03.20"]
[EventType "swiss"]

1. Nf3 Nf6 2. g3 g6 3. Bg2 Bg7 4. O-O O-O 5. d4 d6 6. c4 c5 7. Nc3 Nc6 8. e3 Bd7
9. a3 Qc8 10. Re1 Bg4 11. Ne2 e5 12. d5 e4 13. Ng5 Ne5 14. Nxe4 Nxe4 15. Bxe4
Nf3+ 16. Bxf3 Bxf3 17. Qd3 Re8 18. Nf4 Re4 19. Qf1 g5 20. Nd3 Qf5 21. Bd2 Rxc4
22. Ne5 Rc2 23. Nxf3 Qxf3 24. Qd3 Rxb2 25. Rab1 c4 0-1

[Event "13th EICC"]
[Site "Plovdiv BUL"]
[Date "2012.03.29"]
[Round "9.162"]
[White "Ilic, Slobodan S"]
[Black "Safronov, Kirill"]
[Result "1-0"]
[WhiteElo "2160"]
[BlackElo "2017"]
[WhiteFideId "912883"]
[BlackFideId "24141976"]
[EventDate "2012.03.20"]
[EventType "swiss"]

1. c4 e5 2. Nc3 Nc6 3. g3 d6 4. Bg2 g6 5. Nf3 Bg7 6. O-O Nge7 7. d3 O-O 8. Rb1
Be6 9. b4 Rb8 10. e3 Qd7 11. b5 Na5 12. Ng5 Bg4 13. f3 Bf5 14. e4 Be6 15. Nxe6
Qxe6 16. Nd5 Nxd5 17. cxd5 Qd7 18. Be3 b6 19. a4 Nb7 20. Rf2 Ra8 21. Rc2 a6 22.
a5 Nxa5 23. Qc1 Ra7 24. bxa6 Bf6 25. Bd2 Rfa8 26. Bf1 Rxa6 27. Rxc7 Qe8 28. d4
R6a7 29. Rxa7 Rxa7 30. Rxb6 exd4 31. Rxd6 Nb3 32. Qd1 Nxd2 33. Qxd2 Kg7 34. Rxf6 1-0

[Event "13th EICC"]
[Site "Plovdiv BUL"]
[Date "2012.03.29"]
[Round "9.163"]
[White "Barta, Jozsef"]
[Black "Levine, Yonatan"]
[Result "1-0"]
[WhiteElo "2148"]
[BlackElo "2016"]
[WhiteFideId "712060"]
[BlackFideId "2802082"]
[EventDate "2012.03.20"]
[EventType "swiss"]

1. e4 e6 2. d4 d5 3. e5 c5 4. c3 Nc6 5. Nf3 Qb6 6. a3 Nh6 7. b4 cxd4 8. cxd4 Nf5
9. Bb2 Bd7 10. Be2 Rc8 11. O-O Be7 12. Qd3 a6 13. g4 Nh4 14. Nxh4 Bxh4 15. Nd2
Be7 16. Rfc1 Bg5 17. Rc2 Bxd2 18. Qxd2 O-O 19. Rc5 Qa7 20. Rac1 b6 21. R5c3 Ne7
22. h4 Ba4 23. Bd3 Rxc3 24. Qxc3 Nc6 25. b5 Na5 26. bxa6 Nb3 27. Rb1 b5 28. Bxb5
Nxd4 29. Qxd4 1-0

[Event "13th EICC"]
[Site "Plovdiv BUL"]
[Date "2012.03.29"]
[Round "9.164"]
[White "Slavov, Hristo"]
[Black "Cherednichenko, Elena"]
[Result "0-1"]
[BlackTitle "WFM"]
[WhiteElo "1812"]
[BlackElo "2130"]
[WhiteFideId "2911345"]
[BlackFideId "14105560"]
[EventDate "2012.03.20"]
[EventType "swiss"]

1. e4 e5 2. Nf3 Nc6 3. Bb5 a6 4. Ba4 d6 5. O-O Bd7 6. c3 g6 7. d4 Bg7 8. Re1
Nge7 9. d5 Nb8 10. c4 O-O 11. Bg5 h6 12. Bxe7 Qxe7 13. Nbd2 a5 14. Rb1 Na6 15.
Bxd7 Qxd7 16. b3 Nb4 17. a3 Nd3 18. Re3 Nf4 19. Ne1 f5 20. Rg3 h5 21. Nd3 h4 22.
Rf3 g5 23. Nxf4 exf4 24. Rh3 fxe4 25. Nxe4 Qf5 26. f3 Rae8 27. Qd3 Re7 28. Rd1
Rfe8 29. b4 axb4 30. axb4 b6 31. Kf1 Be5 32. c5 bxc5 33. bxc5 Rb8 34. Qa3 Ree8
35. Qa7 dxc5 36. Qxc5 Bd6 37. Qd4 Kf7 38. Qa7 Kg6 39. Qa6 Rb6 40. Qa4 Reb8 41.
Nxd6 cxd6 42. Qe4 Kf6 43. Re1 Qxe4 44. fxe4 Rb1 45. g3 Rxe1+ 46. Kxe1 Rb3 47.
Kf2 fxg3+ 48. hxg3 Ke5 49. Kg2 Rxg3+ 50. Rxg3 hxg3 51. Kxg3 Kxe4 52. Kg4 Kxd5
53. Kxg5 Ke4 54. Kg4 d5 55. Kg3 Ke3 0-1

[Event "13th EICC"]
[Site "Plovdiv BUL"]
[Date "2012.03.29"]
[Round "9.166"]
[White "Bozinovic, Boban"]
[Black "Petrov, Vladimir Sergeev"]
[Result "1-0"]
[WhiteTitle "CM"]
[WhiteElo "2105"]
[BlackElo "1980"]
[WhiteFideId "929697"]
[BlackFideId "2902940"]
[EventDate "2012.03.20"]
[EventType "swiss"]

1. e4 c5 2. Nc3 d6 3. g3 Nc6 4. Bg2 g6 5. Nge2 Bg7 6. d3 e6 7. Be3 Nd4 8. Qd2
Ne7 9. Nc1 Rb8 10. Nd1 O-O 11. c3 Ndc6 12. Bh6 Bxh6 13. Qxh6 d5 14. h4 f6 15.
O-O Kh8 16. Ne2 b6 17. Re1 Ne5 18. Nc1 dxe4 19. dxe4 Ng4 20. Qf4 e5 21. Qf3 f5
22. Ne3 h5 23. Rd1 Qe8 24. Nxg4 hxg4 25. Qe3 f4 26. Qd2 Be6 27. Bf1 fxg3 28.
fxg3 Rf3 29. Qh6+ Kg8 30. Bg2 Rf7 31. Nd3 Rh7 32. Qg5 Rh5 33. Qf6 Nc6 34. Rf1
Rd8 35. Rad1 Bc4 1-0

[Event "13th EICC"]
[Site "Plovdiv BUL"]
[Date "2012.03.29"]
[Round "9.168"]
[White "Mihopoulos, Konstantinos"]
[Black "Andok, Claus Michael"]
[Result "0-1"]
[WhiteElo "1951"]
[BlackElo "2116"]
[WhiteFideId "4217110"]
[BlackFideId "24602000"]
[EventDate "2012.03.20"]
[EventType "swiss"]

1. e4 c6 2. d4 d5 3. e5 Bf5 4. Nd2 e6 5. Nb3 Nd7 6. Nf3 Ne7 7. Be2 h6 8. O-O Qc7
9. Bd2 Bh7 10. Bb4 Ng6 11. Bxf8 Ngxf8 12. Rc1 Ng6 13. Bd3 a5 14. a4 Qb6 15. Nfd2
Ne7 16. Bxh7 Rxh7 17. c4 Rh8 18. cxd5 cxd5 19. Nb1 h5 20. Nc3 Nc6 21. Nb5 Ke7
22. Qd2 Rh7 23. Rc3 Kf8 24. f4 g6 25. Rg3 h4 26. Rh3 Kg7 27. Qf2 Rah8 28. Nd2
Ne7 29. Rc1 Nc6 30. Nf3 Rf8 31. Rxh4 Rxh4 32. Qxh4 Ndb8 33. Rc3 Qd8 34. Ng5 Rh8
35. Qg4 Nd7 36. Nd6 Nxd4 37. Ndxf7 Qb6 38. Kh1 Qxb2 39. h3 Qxc3 40. Nxh8 Qe1+
41. Kh2 Kxh8 42. g3 Qf2+ 43. Kh1 Nf8 44. Qh4+ Kg7 45. Nxe6+ Ndxe6 46. Qe7+ Kg8
47. Qxb7 Qf3+ 48. Kh2 Nd4 49. Qb6 Qf2+ 0-1

[Event "13th EICC"]
[Site "Plovdiv BUL"]
[Date "2012.03.29"]
[Round "9.169"]
[White "Meyes, Richard"]
[Black "Henseler, Jorgen"]
[Result "0-1"]
[WhiteElo "1786"]
[BlackElo "2071"]
[WhiteFideId "12932833"]
[BlackFideId "1023233"]
[EventDate "2012.03.20"]
[EventType "swiss"]

1. Nf3 Nf6 2. c4 g6 3. Nc3 Bg7 4. e4 d6 5. d4 O-O 6. h3 e5 7. d5 Nh5 8. Nh2 Qe8
9. Be2 Nf4 10. Bf3 f5 11. g3 Nxh3 12. Bg2 fxe4 13. Nxe4 Nf4 14. gxf4 exf4 15. f3
h5 16. Qe2 Qd8 17. Nf1 Na6 18. Rb1 Nc5 19. Nfd2 Nxe4 20. Nxe4 Bf5 21. b3 Qd7 22.
Bb2 Bxb2 23. Rxb2 Rae8 24. Kd2 Qg7 25. Kc1 Bxe4 26. fxe4 f3 27. Bxf3 Qc3+ 28.
Rc2 Qxf3 29. Qxf3 Rxf3 30. Rg1 Kh7 31. c5 Rf7 32. Re1 Kh6 33. b4 g5 34. a4 g4
35. a5 g3 36. a6 bxa6 37. cxd6 cxd6 38. Rg1 h4 39. Rc6 Rf6 40. e5 Rxe5 0-1

[Event "13th EICC"]
[Site "Plovdiv BUL"]
[Date "2012.03.29"]
[Round "9.170"]
[White "Khelaia, Giorgi"]
[Black "Vdovenko, Volodymyr"]
[Result "1-0"]
[WhiteElo "2080"]
[BlackElo "1784"]
[WhiteFideId "13604600"]
[BlackFideId "14110938"]
[EventDate "2012.03.20"]
[EventType "swiss"]

1. e4 d5 2. exd5 Nf6 3. d4 Nxd5 4. Nf3 Bg4 5. Be2 e6 6. O-O Be7 7. Ne5 Bxe2 8.
Qxe2 c6 9. c4 Nb6 10. Be3 O-O 11. Nc3 N8d7 12. Rad1 Qc7 13. Nxd7 Qxd7 14. d5
cxd5 15. Bxb6 axb6 16. cxd5 Bc5 17. dxe6 Qxe6 18. Qxe6 fxe6 19. Rd7 Bd4 20. Rxd4 1-0

[Event "13th EICC"]
[Site "Plovdiv BUL"]
[Date "2012.03.30"]
[Round "10.12"]
[White "Khenkin, Igor"]
[Black "Berkes, Ferenc"]
[Result "1/2-1/2"]
[WhiteTitle "GM"]
[BlackTitle "GM"]
[WhiteElo "2632"]
[BlackElo "2682"]
[WhiteFideId "4659600"]
[BlackFideId "718572"]
[EventDate "2012.03.20"]
[EventType "swiss"]

1. d4 d5 2. c4 dxc4 3. e3 e5 4. Bxc4 exd4 5. exd4 Bd6 6. Nf3 Nf6 7. Qe2+ Qe7 8.
Qxe7+ Bxe7 9. O-O Be6 10. Bxe6 fxe6 11. Re1 Nc6 12. Nc3 Rd8 13. Rxe6 Nxd4 14.
Nxd4 Rxd4 15. Be3 Rd7 16. Bc5 Kf7 17. Rxe7+ Rxe7 18. Bxe7 Kxe7 19. Re1+ Kf7 20.
Rd1 Re8 21. f3 g5 22. Kf2 c6 23. g4 h5 24. gxh5 Rh8 25. Ne4 Rxh5 26. Kg3 Nxe4+
27. fxe4 Ke7 28. Rf1 Rh4 29. Rf5 Rxe4 30. Rxg5 Kf6 31. Ra5 Re3+ 32. Kf4 Re2 33.
b3 Rxh2 34. Rxa7 Ke6 35. Rxb7 Rxa2 36. Ke3 Kd6 37. Kd3 Rh2 38. b4 c5 39. Rb6+
Kd5 40. bxc5 Rh3+ 41. Ke2 1/2-1/2

[Event "13th EICC"]
[Site "Plovdiv BUL"]
[Date "2012.03.30"]
[Round "10.14"]
[White "Kuzubov, Yuriy"]
[Black "Azarov, Sergei"]
[Result "0-1"]
[WhiteTitle "GM"]
[BlackTitle "GM"]
[WhiteElo "2615"]
[BlackElo "2667"]
[WhiteFideId "14112906"]
[BlackFideId "13501470"]
[EventDate "2012.03.20"]
[EventType "swiss"]

1. d4 d5 2. c4 e6 3. Nc3 Be7 4. cxd5 exd5 5. Bf4 Nf6 6. e3 Bf5 7. Nge2 O-O 8.
Ng3 Be6 9. Be2 c5 10. dxc5 Bxc5 11. O-O Nc6 12. Rc1 d4 13. Nce4 Bb6 14. Bg5 dxe3
15. Nxf6+ gxf6 16. Bxe3 Qxd1 17. Bxd1 Rfd8 18. Ne4 Kg7 19. a3 Rac8 20. Nc5 Bxc5
21. Rxc5 b6 22. Rc3 Ne5 23. Rxc8 Rxc8 24. Re1 b5 25. h3 a5 26. Be2 Bc4 27. Bd4
Nc6 28. Bg4 Be6 29. Bxe6 fxe6 30. Rc1 Kf7 31. Rc5 b4 32. a4 e5 33. Be3 Ke6 34.
g4 f5 35. gxf5+ Kxf5 36. Kf1 Ke6 37. b3 Kd6 38. Rc4 Rg8 39. Rh4 Rg7 40. Ke2 Kd5
41. Kd3 Rf7 42. Rh6 Nd4 43. Rh5 Ne6 44. Kc2 Rc7+ 45. Kb2 Ke4 46. Bb6 Rf7 47.
Bxa5 Rxf2+ 48. Kb1 Rf1+ 49. Kb2 Nf4 50. Rxh7 Nd3+ 51. Kc2 Ke3 52. Bb6+ Ke2 0-1

[Event "13th EICC"]
[Site "Plovdiv BUL"]
[Date "2012.03.30"]
[Round "10.19"]
[White "Sargissian, Gabriel"]
[Black "Khairullin, Ildar"]
[Result "1/2-1/2"]
[WhiteTitle "GM"]
[BlackTitle "GM"]
[WhiteElo "2674"]
[BlackElo "2626"]
[WhiteFideId "13300881"]
[BlackFideId "4151348"]
[EventDate "2012.03.20"]
[EventType "swiss"]

1. d4 Nf6 2. c4 e6 3. Nf3 d5 4. Nc3 dxc4 5. e4 Bb4 6. Bxc4 Nxe4 7. O-O Nxc3 8.
bxc3 Bd6 9. Ng5 h6 10. Ne4 O-O 11. Qf3 Nc6 12. Nxd6 cxd6 13. Qg3 Qf6 14. Qxd6
Rd8 15. Qg3 e5 16. d5 Na5 17. Bb3 Nxb3 18. axb3 Rxd5 19. c4 Rd8 20. Bb2 Qf4 21.
Bxe5 Qxg3 22. hxg3 Be6 23. Rfd1 a6 24. f3 Rac8 25. g4 Rxd1+ 26. Rxd1 b5 27. cxb5
Bxb3 28. Rb1 Bc2 29. Rb2 axb5 30. Rxb5 Bd3 31. Rb8 Rxb8 32. Bxb8 f5 33. gxf5
Bxf5 34. g4 Be6 35. Kf2 h5 36. gxh5 Bf7 37. f4 Bxh5 38. f5 g6 39. fxg6 Bxg6 40.
Be5 Be4 1/2-1/2

[Event "13th EICC"]
[Site "Plovdiv BUL"]
[Date "2012.03.30"]
[Round "10.21"]
[White "L'Ami, Erwin"]
[Black "Kryvoruchko, Yuriy"]
[Result "0-1"]
[WhiteTitle "GM"]
[BlackTitle "GM"]
[WhiteElo "2611"]
[BlackElo "2666"]
[WhiteFideId "1007998"]
[BlackFideId "14109182"]
[EventDate "2012.03.20"]
[EventType "swiss"]

1. d4 Nf6 2. Nf3 e6 3. c4 d5 4. Nc3 Nbd7 5. Bf4 dxc4 6. e3 Nb6 7. Bxc4 Nxc4 8.
Qa4+ Bd7 9. Qxc4 Bd6 10. Bg5 h6 11. Bh4 g5 12. Bg3 Bc6 13. O-O Bxf3 14. gxf3 O-O
15. Rac1 Qe7 16. Ne4 Nd5 17. Nc5 Bxc5 18. Qxc5 Qf6 19. Kg2 c6 20. Qc2 Rad8 21.
Rh1 Nf4+ 22. exf4 gxf4 23. Qc5 fxg3 24. hxg3 Qxd4 25. Qa3 Qf6 26. Rc4 Rd5 27.
Qxa7 b5 28. Rxc6 Rd3 29. f4 Qf5 30. Qc5 Qe4+ 31. Kh2 Rd5 0-1